书目信息 |
| 题名: |
漫谈保险
|
|
| 作者: | 陈辉 著 | |
| 分册: | ||
| 出版信息: | 北京 中国经济出版社 2020 |
|
| 页数: | 234页 | |
| 开本: | 23cm | |
| 丛书名: | 央财精算科技智库丛书 | |
| 单 册: | ||
| 中图分类: | F840.4 | |
| 科图分类: | ||
| 主题词: | 保险业务--bao xian ye wu--研究 | |
| 电子资源: | ||
| ISBN: | 978-7-5136-6360-1 | |
| 000 | 00872oam2 2200253 450 | |
| 001 | 2158041429 | |
| 005 | 20211011172911.0 | |
| 010 | @a978-7-5136-6360-1@dCNY65.00 | |
| 100 | @a20201223d2020 em y0chiy0120 ea | |
| 101 | 0 | @achi |
| 102 | @aCN@b110000 | |
| 105 | @ay z 000yy | |
| 106 | @ar | |
| 200 | 1 | @a漫谈保险@Aman tan bao xian@f陈辉著 |
| 210 | @a北京@c中国经济出版社@d2020 | |
| 215 | @a234页@d23cm | |
| 225 | 2 | @a央财精算科技智库丛书@Ayang cai jing suan ke ji zhi ku cong shu |
| 330 | @a本书稿讲述产险产品,包括2000-2018年历年保费收入、保费占比、保费增长率、赔付支出、赔付支出增长率、简单赔付率等共性数据,同时给出了各险种背后的经济逻辑。 | |
| 461 | 0 | @12001 @a央财精算科技智库丛书 |
| 606 | 0 | @a保险业务@Abao xian ye wu@x研究 |
| 690 | @aF840.4@v5 | |
| 701 | 0 | @a陈辉@Achen hui@4著 |
| 801 | 0 | @aCN@b百万庄@c20211007 |
| 905 | @b1307117-120@dF840.4@e147@f4 | |
| 漫谈保险/陈辉著.-北京:中国经济出版社,2020 |
| 234页;23cm.-(央财精算科技智库丛书) |
| ISBN 978-7-5136-6360-1:CNY65.00 |
| 本书稿讲述产险产品,包括2000-2018年历年保费收入、保费占比、保费增长率、赔付支出、赔付支出增长率、简单赔付率等共性数据,同时给出了各险种背后的经济逻辑。 |
| ● |
| 相关链接 |
|
|
|
|
正题名:漫谈保险
索取号:F840.4/147
 
预约/预借
| 序号 | 登录号 | 条形码 | 馆藏地/架位号 | 状态 | 备注 |
| 1 | 1307117 | 213071174 | 第一样本阅览室/ [索取号:F840.4/147] | 在馆 | |
| 2 | 1307118 | 213071183 | 第一借阅区/ [索取号:F840.4/147] | 在馆 | |
| 3 | 1307119 | 213071192 | 第一借阅区/ [索取号:F840.4/147] | 在馆 | |
| 4 | 1307120 | 213071209 | 第一借阅区/ [索取号:F840.4/147] | 在馆 |